| 000 | 02411cam a22004094i 4500 | ||
|---|---|---|---|
| 003 | PE-LiUPU | ||
| 005 | 20250731183437.0 | ||
| 008 | 150706s r 000 0 d | ||
| 035 | _a(Sirsi) a52014 | ||
| 040 |
_aPE-LiUPU _bspa _cPE-LiUPU _erda |
||
| 049 | _aPRUA | ||
| 082 | 0 | 4 |
_a727.1 _bC4 _221 |
| 245 | 0 | 1 |
_aCentros escolares / _ceditado por Christian Schittich, Iñaki Lasa, Elena Sarachu. |
| 264 | 1 |
_aZancoeta, Bilbao : _bReed Business Information, _c[2010]. |
|
| 300 |
_apáginas 238-354 : _bilustraciones ; _c30 cm. |
||
| 336 |
_atext _2rdacontent |
||
| 337 |
_aunmediated _2rdamedia |
||
| 338 |
_avolume _2rdacarrier |
||
| 500 | _aISSN: 1578-5769 | ||
| 505 | 0 | _aDebate -- Una nueva etapa en la construcción industrializada de escuelas -- REhabilitación sostenible de centros escolares -- Reportajes -- Aeropuerto en Alguaire, Lleida -- Teatro y centro de convenciones en Lleida -- Libros. Exposiciones -- Tipología -- Una realidad industrial: cuatro escuelas, cuatro sistemas industriales -- Rehabilitación de centros escolares. Ejeplos en la ciudad de Zúrich -- IES Eduardo Linares Lumeras en Molina de Segura, Murcia -- IES Rafael, Alicante -- Proceso -- Escuela de primaria Blumen y escuela Bernhard-Rose en Berlín -- Escuela de primaria Rolandstrabe en Düsseldorf -- Instituto de educación secundaria en Splügen -- Escuela de educación secundaria Sidwell friends en Washington, D.C -- EScuela de primari Herzog-Ulrich en Lauffen del Neckar -- Productos -- Proyecto + Producto -- Materiales y acabados -- Carpinterías -- Señalería e iluminación -- Mobiliario -- Baños y cocinas. | |
| 526 | _aP158 | ||
| 526 | _aP146 | ||
| 526 | _aP17 | ||
| 526 | _aP12 | ||
| 526 | _aP06 | ||
| 541 | _g004-000771; | ||
| 650 | 0 | 4 |
_aConstrucciones escolares _zEspaña. |
| 700 | 1 |
_aSchittich, Christian, _eed. |
|
| 700 | 1 |
_aLasa, Iñaki, _eed. |
|
| 700 | 1 |
_aSarachu, Elena, _eed. |
|
| 910 | _afsr20130108 | ||
| 942 |
_2ddc _cBOOK |
||
| 949 |
_a727.1 C4 _wDEWEY _c1 _i66339 _lCCODEBUL1 _mBUL _p36.00 _r0 _sY _tLIBRO _u2015-07-06 _xINGENIERIA _PP06 _o.STAFF. Colección General |
||
| 994 |
_aC0 _bPEPRU |
||
| 596 | _a1 | ||
| 999 |
_a727.1 C4 _wDEWEY _c54600 _i66339 _d54600 _e2019-10-29 _f2021-11-10 _g7 _lCCODEBUL1 _mBUL _n6 _p36.00 _q1 _r0 _sY _tBOOK _u2015-7-6 _xINGENIERIA _PP06 _0COMPRA _o.STAFF. Colección General |
||
| 980 |
_81 _gALBERTO SANCHEZ Responsable de Automatización |
||